Fr. Francisco de Santo Agostinho de Macedo (Record no. 145182)

MARC details
000 -LEADER
campo de control de longitud fija 00687nam a2200193 4500
001 - NÚMERO DE CONTROL
campo de control 145182
003 - IDENTIFICADOR DE NÚMERO DE CONTROL
campo de control ES-MaACL
005 - FECHA Y HORA DE LA ÚLTIMA TRANSACCIÓN
campo de control 20250707074238.0
007 - CAMPO FIJO DE DESCRIPCIÓN FÍSICA--INFORMACIÓN GENERAL
campo de control de longitud fija t|
008 - DATOS DE LONGITUD FIJA--INFORMACIÓN GENERAL
campo de control de longitud fija 070214s1952 po r ||||1| por d
100 1# - ENTRADA PRINCIPAL--NOMBRE DE PERSONA
Nombre de persona Sousa Ribeiro, Ilidio de.
9 (RLIN) 107582
245 10 - MENCIÓN DEL TÍTULO
Título Fr. Francisco de Santo Agostinho de Macedo
Resto del título : um filosofo escotista português e um paladino da restauraço /
Mención de responsabilidad, etc. Ilidio de Sousa Ribeiro.
260 ## - PUBLICACIÓN, DISTRIBUCIÓN, ETC.
Lugar de publicación, distribución, etc. Coimbra :
Nombre del editor, distribuidor, etc. Oficinas da Atlantida,
Fecha de publicación, distribución, etc. 1952.
300 ## - DESCRIPCIÓN FÍSICA
Extensión IX, 175 p. ;
Dimensiones 22 cm.
490 1# - MENCIÓN DE SERIE
Mención de serie Acta universitatis conimbrigensis
830 00 - PUNTO DE ACCESO ADICIONAL DE SERIE-TÍTULO UNIFORME
Título uniforme Acta Universitatis Conimbrigensis
9 (RLIN) 181764
852 ## - LOCALIZACIÓN
Ubicación ES-MaACL
Número de control de estantería D-7756
Sublocalización o colección R.32304
Holdings
Estatus retirado Estado de pérdida Estado de daño No para préstamo Biblioteca de origen Biblioteca actual Ubicación en estantería Fecha de adquisición Fuente de adquisición Total de préstamos Signatura topográfica completa Código de barras Visto por última vez Precio de reemplazo Tipo de ítem Koha
        Biblioteca del Ateneo de Madrid Biblioteca del Ateneo de Madrid Sala Valle Inclán 17/01/2008     D-7756 901151547 23/02/2023 23/02/2023 Libro impreso